000 01104nam a2200241Ia 4500
999 _c36405
_d36405
001 2319
003 GE_BSU
005 20190531145624.0
008 181216s2008||||ge |||||||||||||| ||geo||
040 _cGE_BSU
041 _ageo
080 _a271.222(479.22) ხ–16
100 _aხაზარაძე, ნანა
_bისტორიკოსი,
_91905
245 _cნანა ხაზარაძე, ნინო მინდაძე; რედ. :თამარ ხოხობაშვილი.
_aღვთისმშობლის სარტყლის ქვეყანაში /
264 _aთბილისი :
_bსამება,
_c2008.
300 _a116 გვ.:
_bილ.
_c21სმ.
504 _aბიბლიოგრ. : გვ.108–110.
653 _aრელიგია
653 _aქრისტიანობა
700 _aმინდაძე, ნინო,
_eავტორი
_91906
_dისტორიკოსი
700 _aხოხობაშვილი, თამარ
_eრედაქტორი
_91907
942 _cBK
_2udc